Hra na kytaru. Díl 1, Pro začátečníky

Hlavní autor: Nečekal, Jiří
Další autoři: Mandel, Petr, 1938-2023
Jazyk: Čeština
Vydáno: Praha : Supraphon, 1989
Vydání: 2. vyd.
Témata:
Fyzický popis: 213 s.
Hudebniny Hudebniny
Uloženo v:
LEADER 00913ncm a22002412a 4500
001 000080778
003 CZ BrMZK
005 20120416153841.0
007 qu
008 960707s1989 xr f cze d
040 |a BOA001  |b cze 
072 7 |a 787  |x Hudba pro strunné a smyčcové nástroje  |2 Konspekt  |9 9 
100 1 |a Nečekal, Jiří  |7 mzk2010613058  |4 aut 
245 1 0 |a Hra na kytaru.  |n Díl 1, Pro začátečníky  |h [hudebnina] /  |c Jiří Nečekal, Petr Mandel 
250 |a 2. vyd. 
260 |a Praha :  |b Supraphon,  |c 1989 
300 |a 213 s. 
700 1 |a Mandel, Petr,  |d 1938-2023  |7 ola2003167446  |4 aut 
910 |a BOA001  |b PK-N-0028.238,1  |b Mus4-0965.810,1 
964 |a Kytara - školy 
990 |a MU 
996 6 |b 2619053339  |c Mus4-0965.810,1  |l MZK  |r Sklad / do 1 hodiny  |n 1  |w 000080778  |u 000020  |a 1  |e BOA001  |j MZK50  |s P 
996 7 |b 3119966746  |c PK-N-0028.238,1  |l MZK  |r Sklad / do 1 hodiny  |n 40  |w 000080778  |u 000010  |a 1  |e BOA001  |j MZK50  |s A